000 00375nam a2200145Ia 4500
008 240624s9999 xx 000 0 und d
041 _aeng
082 _a005.74 ROB
100 _aROB PETER
245 _aDATABASE SYSTEM DESIGN IMPLEMENTATION AN
250 _a(5th ed.)
260 _c2005
_aSingapore
_bThomson Asia
300 _axxvi, : 838 : p. : cm. ; 26
365 _cRS
_b25
999 _c4214
_d4214